| 000 | 00372nam a2200145 a 4500 | ||
|---|---|---|---|
| 005 | 20140412111413.0 | ||
| 008 | 070703s19uu xx 00 eng d | ||
| 020 | _a0-02-120730-5 | ||
| 050 |
_aM 428.6 _bA18 1975 |
||
| 100 | _aAdams, Judith | ||
| 245 |
_aUps and downs / _cJudith Adams. |
||
| 260 |
_aNew york : _bMacmillan pub, _c1975. |
||
| 300 | _a95 | ||
| 999 |
_c105749 _d105749 |
||